Security and intelligence reviews: journal of contemporary security and intelligence studies (Record no. 38639)

MARC details
000 -LEADER
fixed length control field 00557nam a2200169Ia 4500
022 ## - INTERNATIONAL STANDARD SERIAL NUMBER
ISSN 25507826
050 ## - CALL MARK
Classification number TK 5105.59 .S43/
245 #0 - TITLE STATEMENT
Title Security and intelligence reviews: journal of contemporary security and intelligence studies
260 ## - PUBLICATION, DISTRIBUTION, ETC. (IMPRINT)
Place of publication Lagos, Nigeria
260 ## - PUBLICATION, DISTRIBUTION, ETC. (IMPRINT)
Name of publisher Nigerian National Petroleum Corp.
260 ## - PUBLICATION, DISTRIBUTION, ETC. (IMPRINT)
Year of publication 2019
300 ## - PHYSICAL DESCRIPTION
Number of Pages viii, 473n p. :ill. ; 30 cm.
650 ## - SUBJECT ADDED ENTRY--TOPICAL TERM
Topical Term Computer networks--Security measures. Cyberspace--Security measures.
942 ## - ADDED ENTRY ELEMENTS (KOHA)
Koha item type Serials

No items available.